| 000 | 00375 a2200133 4500 | ||
|---|---|---|---|
| 001 | ART_17969 | ||
| 005 | 20260410161924.0 | ||
| 008 | 260409a | ||
| 245 | 1 | 0 | _aThe raise of Europe |
| 100 | 1 | _aAcemoglu, Daron | |
| 700 | 1 | _aJohnson, Simon | |
| 700 | 1 | _aRobinson, James | |
| 773 | 0 |
_tThe American Economic Review _g- Vol. 95, NÂș 3 (jun. 2005) _wREV16190 |
|
| 999 |
_c27986 _d27986 |
||